000 00428nam a22001697a 4500
005 20160625155511.0
008 160625b xxu||||| |||| 00| 0 eng d
020 _a81-259-0764-5
041 _aeng
082 _b10305
100 _aPadmanand, V and Patel V.G.
_92676
245 _aManageing Indias Small industrial Economy
260 _aDelhi
_bPearson Education
300 _a245
650 _aManagement
_9241
942 _cBK
999 _c4070
_d4069